SALAKYA-TANTRA (Record no. 16536)

MARC details
000 -LEADER
fixed length control field 00315nam a22001457a 4500
003 - CONTROL NUMBER IDENTIFIER
control field SGT
020 ## - INTERNATIONAL STANDARD BOOK NUMBER
International Standard Book Number 978-93-82443-65-0
082 ## - DEWEY DECIMAL CLASSIFICATION NUMBER
Classification number 617.7
Item number S17K
100 ## - MAIN ENTRY--PERSONAL NAME
Personal name KHANNA, SHIV NATH
245 ## - TITLE STATEMENT
Title SALAKYA-TANTRA
260 ## - PUBLICATION, DISTRIBUTION, ETC. (IMPRINT)
Place of publication, distribution, etc VARANASI
Name of publisher, distributor, etc CHAUKHAMBHA PUB
Year of Publication 2017
300 ## - PAGE DESCRIPTION
No. of Pages 518
650 ## - SUBJECT ADDED ENTRY--TOPICAL TERM
Topical term or geographic name as entry element AYURVEDA
942 ## - ADDED ENTRY ELEMENTS (KOHA)
Source of classification or shelving scheme Dewey Decimal Classification
Koha item type Books
Holdings
Withdrawn status Lost status Source of classification or shelving scheme Damaged status Not for loan Collection code Home library Current library Shelving location Date acquired Vendor Name Cost, normal purchase price SGTU Bill Number Total Checkouts Full call number Accession No. (Barcode) Date last seen Bill Date Koha item type Use restrictions Date last borrowed
    Dewey Decimal Classification     AYURVEDA SGT FA-FP Library SGT FA-FP Library Text Book 18/01/2019 CHAUKHAMBA PUB 325.00 SGTU 1338   617.7 S17K FA8446 18/01/2019 16/01/2019 Books    
    Dewey Decimal Classification     AYURVEDA SGT FA-FP Library SGT FA-FP Library Reference Book 18/01/2019 CHAUKHAMBA PUB 325.00 SGTU 1338   617.7 S17K FA8447 18/01/2019 16/01/2019 Books Restricted Access  
    Dewey Decimal Classification     AYURVEDA SGT FA-FP Library SGT FA-FP Library Text Book 18/01/2019 CHAUKHAMBA PUB 325.00 SGTU 1338 1 617.7 S17K FA8448 18/03/2021 16/01/2019 Books   24/02/2021
    Dewey Decimal Classification     AYURVEDA SGT FA-FP Library SGT FA-FP Library Text Book 18/01/2019 CHAUKHAMBA PUB 325.00 SGTU 1338   617.7 S17K FA8449 18/01/2019 16/01/2019 Books    
    Dewey Decimal Classification     AYURVEDA SGT FA-FP Library SGT FA-FP Library Text Book 18/01/2019 CHAUKHAMBA PUB 325.00 SGTU 1338   617.7 S17K FA8450 18/01/2019 16/01/2019 Books